MEDICAL PARASITOLOGY PREP MANUAL FOR UG (Record no. 14122)

MARC details
000 -LEADER
fixed length control field 00286nam a22001337a 4500
003 - CONTROL NUMBER IDENTIFIER
control field SGT
082 ## - DEWEY DECIMAL CLASSIFICATION NUMBER
Classification number 616.01
Item number M13N
100 ## - MAIN ENTRY--PERSONAL NAME
Personal name NAGOBA, B S
245 ## - TITLE STATEMENT
Title MEDICAL PARASITOLOGY PREP MANUAL FOR UG
250 ## - EDITION STATEMENT
Edition statement 2ND
260 ## - PUBLICATION, DISTRIBUTION, ETC. (IMPRINT)
Place of publication, distribution, etc INDIA
Name of publisher, distributor, etc ELSEVIER
Year of Publication 2013
300 ## - PAGE DESCRIPTION
No. of Pages 130
942 ## - ADDED ENTRY ELEMENTS (KOHA)
Source of classification or shelving scheme Dewey Decimal Classification
Koha item type Books
Holdings
Withdrawn status Lost status Source of classification or shelving scheme Damaged status Not for loan Collection code Home library Current library Shelving location Date acquired Vendor Name SGTU Total Checkouts Full call number Accession No. (Barcode) Date last seen Bill Date Koha item type
    Dewey Decimal Classification     MEDICAL SGT Medical Library SGT Medical Library Text Book 22/12/2017 ABC DELHI SGTU   616.01 M13N FM9031 22/12/2017 22/12/2017 Books